|
|
|
|
| LEADER |
01261nam a22003855i 4500 |
| 001 |
978-1-56898-644-9 |
| 003 |
DE-He213 |
| 005 |
20151204182453.0 |
| 007 |
cr nn 008mamaa |
| 008 |
100301s2006 xxu| s |||| 0|eng d |
| 020 |
|
|
|a 9781568986449
|9 978-1-56898-644-9
|
| 024 |
7 |
|
|a 10.1007/1-56898-644-0
|2 doi
|
| 040 |
|
|
|d GrThAP
|
| 050 |
|
4 |
|a NX1-820
|
| 072 |
|
7 |
|a AB
|2 bicssc
|
| 072 |
|
7 |
|a ART000000
|2 bisacsh
|
| 082 |
0 |
4 |
|a 700
|2 23
|
| 100 |
1 |
|
|a Hutchinson, Peter.
|e author.
|
| 245 |
1 |
0 |
|a Thrown Rope
|h [electronic resource] /
|c by Peter Hutchinson.
|
| 264 |
|
1 |
|a New York, NY :
|b Princeton Archit.Press,
|c 2006.
|
| 300 |
|
|
|a 128 p. 114 illus., 98 illus. in color.
|b online resource.
|
| 336 |
|
|
|a text
|b txt
|2 rdacontent
|
| 337 |
|
|
|a computer
|b c
|2 rdamedia
|
| 338 |
|
|
|a online resource
|b cr
|2 rdacarrier
|
| 347 |
|
|
|a text file
|b PDF
|2 rda
|
| 650 |
|
0 |
|a Culture
|x Study and teaching.
|
| 650 |
|
0 |
|a Arts.
|
| 650 |
1 |
4 |
|a Cultural and Media Studies.
|
| 650 |
2 |
4 |
|a Arts.
|
| 710 |
2 |
|
|a SpringerLink (Online service)
|
| 773 |
0 |
|
|t Springer eBooks
|
| 776 |
0 |
8 |
|i Printed edition:
|z 9781568985619
|
| 856 |
4 |
0 |
|u http://dx.doi.org/10.1007/1-56898-644-0
|z Full Text via HEAL-Link
|
| 912 |
|
|
|a ZDB-2-SHU
|
| 950 |
|
|
|a Humanities, Social Sciences and Law (Springer-11648)
|